000 00478nam a2200169Ia 4500
999 _c392
_d392
003 OSt
005 20210902112709.0
008 190216s9999||||xx |||||||||||||| ||und||
040 _coclc
082 _a297
_bALZ/K
100 _aAl Zindani, Abdul Majeed Azeez
_98737
245 0 _aKitab Al Thouheed /
_cAbdul Majeed Azeez Al Zindani
260 _bKitab Bhavan,
_aNew Delhi:
300 _a134p
650 _aArabic
942 _cBK
_2ddc
_h297
_iALZ/K
_k297
_mALZ/K